Yazgıya Başkaldıran Yazar Necati Tosuner (Record no. 1738)

000 -LEADER
fixed length control field 00499nam a22001817a 4500
008 - FIXED-LENGTH DATA ELEMENTS--GENERAL INFORMATION
fixed length control field 170620b xxu||||| |||| 00| | tur d
020 ## - INTERNATIONAL STANDARD BOOK NUMBER
International Standard Book Number 9789756122655
041 ## - LANGUAGE CODE
Language code of text/sound track or separate title Türkçe
050 ## - LIBRARY OF CONGRESS CALL NUMBER
Classification number PL248.T63
100 ## - MAIN ENTRY--PERSONAL NAME
9 (RLIN) 938
Personal name Tülin Arseven
245 ## - TITLE STATEMENT
Title Yazgıya Başkaldıran Yazar Necati Tosuner
250 ## - EDITION STATEMENT
Edition statement 1. baskı
260 ## - PUBLICATION, DISTRIBUTION, ETC.
Place of publication, distribution, etc. Erzurum
Name of publisher, distributor, etc. Salkımsöğüt Yayınları
Date of publication, distribution, etc. 2007
300 ## - PHYSICAL DESCRIPTION
Extent 360 sayfa
500 ## - GENERAL NOTE
General note Salkımsöğüt Yayınları: 72
650 #0 - SUBJECT ADDED ENTRY--TOPICAL TERM
9 (RLIN) 145
Topical term or geographic name entry element Türk Edebiyatı
942 ## - ADDED ENTRY ELEMENTS (KOHA)
Source of classification or shelving scheme
Koha item type Books
Holdings
Withdrawn status Lost status Source of classification or shelving scheme Damaged status Not for loan Permanent Location Current Location Shelving location Date acquired Full call number Barcode Date last seen Price effective from Koha item type
        Ödünç verilemez İmren Ahmet Tüzün Kütüphanesi İmren Ahmet Tüzün Kütüphanesi Ahmet Tüzün 2017-12-14 PL248.T63 100100001714 2017-12-14 2017-12-14 Books

This software was implemented, installed and managed by Devinim Software Training Consulting .